| 000 | 00444nam a2200169Ia 4500 | ||
|---|---|---|---|
| 008 | 230524s9999 xx 000 0 und d | ||
| 020 | _a9781403929679 | ||
| 082 |
_a653.39 _bKHA |
||
| 100 | _aDhanesh Kumar Khatri | ||
| 245 | 0 | _aInvestment Management: Security Analysis : Text And Cases | |
| 250 | _aIST | ||
| 260 |
_aNEW DELHI _bMacmillan _c2008 |
||
| 300 | _aX;257 | ||
| 500 | _aQuantity Number: 2 | ||
| 650 | _aManagement | ||
| 942 | _cBK | ||
| 999 |
_c43238 _d43238 |
||